• 首页
  • 本馆介绍
  • 公告通知
  • 最新文献
  • 馆藏检索
  • 电子资源
  • 读者导购
  • 参考咨询
  • 我的图书馆
  • 登录
  • 详细信息显示
  • 放入我的书架
  • 预约/预借图书
  • 作者相关作品
  • 分类相关作品
  • 丛书相关作品
  • 出版社相关作品

书目信息

  • 表格格式
  • 工作单格式
  • 卡片格式
题名:
论教育和人的全面发展
    
 
作者: ;中国教育学会教育学研究会 编
分册:  
出版信息: 北京   人民教育出版社  1982
页数: 170页
开本: 19cm
丛书名:
单 册:
中图分类: G40-012 , G40
科图分类:
主题词: 全面发展(教育)--文集
电子资源:
ISBN:
000 00754nam0 2200241 45
001 0182003565
005 20060817163850.09
010    @dCNY0.43
091    @a7012.0488
100    @a19950524d1982 emky0chiy0121 ea
101 0  @achi
102    @aCN@b110000
105    @ay z 000yy
200 10 @a论教育和人的全面发展@Alun jiao yu he ren de quan mian fa zhan@f中国教育学会教育学研究会编
210    @a北京@c人民教育出版社@d1982
215    @a170页@d19cm
606    @a全面发展(教育)@x文集
690    @aG40-012@v3
690    @aG40
711 02 @a中国教育学会教育学研究会@Azhong guo jiao yu xue hui jiao yu xue yan jiu hui@4编
801  2 @aCN@bNLC@c20060817
801  0 @aCN@b上海图书馆@c20040428
905    @f5@b154445-449@f1@b85295@f2@b85292-293@dG40@e39
    
    论教育和人的全面发展/中国教育学会教育学研究会编.-北京:人民教育出版社,1982
    170页;19cm
    
    
    ISBN :CNY0.43
    
●
相关链接 在E读中查询图书 在五车中查询图书 在当当中查询图书 在豆瓣中查询图书


正题名:论教育和人的全面发展     索取号:G40/39         预约/预借

序号 登录号 条形码 馆藏地/架位号 状态 备注
1 0085292   000287184   密集书库/ [索取号:G40/39] 在馆    
2 0085293   000283749   密集书库/ [索取号:G40/39] 在馆    
3 0085295   000287193   密集书库/ [索取号:G40/39] 在馆    
4 0085296   000287246   第一样本阅览室/ [索取号:G40/39] 在馆    
5 0154445   000287237   密集书库/ [索取号:G40/39] 在馆    
6 0154446   000287157   密集书库/ [索取号:G40/39] 在馆    
7 0154447   000287228   密集书库/ [索取号:G40/39] 在馆    
8 0154448   000287219   密集书库/ [索取号:G40/39] 在馆    
9 0154449   000287175   密集书库/ [索取号:G40/39] 在馆    
10 0465450   204654506   密集书库/ [索取号:G40/39] 在馆    
11 0465454   204654542   密集书库/ [索取号:G40/39] 在馆    
唐山师范学院图书馆 欢迎您!
大连网信软件有限公司© 版权所有